| 000 | 00748nam a22002537a 4500 | ||
|---|---|---|---|
| 003 | 0 | ||
| 005 | 20180719132101.0 | ||
| 008 | 0 | ||
| 010 | _aB-019381 | ||
| 020 |
_c00.00 _a8173913374 |
||
| 035 | _aB-019381,B-019382 | ||
| 037 | _bCen Lib/Ret | ||
| 040 |
_aDPL _bEN _c0 |
||
| 082 | _a371.967 | ||
| 100 |
_aNagi,B.S. _98106 |
||
| 245 |
_aEducating tribals in India : _cby B.S.Nagi _ba study of ashram school / |
||
| 260 |
_aNew Delhi _bKanishka publishers _c2000 |
||
| 270 |
_a4697/5-21A,Ansari road Drya Ganj _bNew Delhi _e110002 |
||
| 300 |
_axvi,236p. _c21cm(Hb) |
||
| 500 | _aIncludes index | ||
| 650 |
_aScheduled tribes in India--Education _98849 |
||
| 650 |
_aAshram schools _98850 |
||
| 942 |
_2ddc _cEN _h371.967 _mNAG |
||
| 999 |
_c123998 _d123998 |
||